[Event "Edmonton Fall Sectional B"]
[Site "Edmonton"]
[Date "2012.10.28"]
[Round "4"]
[White "Zeggelaar, Mike"]
[Black "Pedersen, Rick"]
[Result "1-0"]
[WhiteElo "2031"]
[BlackElo "1992"]
[PlyCount "79"]
[EventDate "2012.10.26"]
[EventType "tourn"]
[EventRounds "5"]
[EventCountry "CAN"]
[SourceTitle "EXT 2022"]
[Source "ChessBase"]
[SourceDate "2021.10.06"]
[SourceVersion "1"]
[SourceVersionDate "2021.10.06"]
[SourceQuality "1"]

1. e4 d6 2. d4 g6 3. Nc3 Bg7 4. f4 Nc6 5. Nf3 Nf6 6. e5 dxe5 7. fxe5 Nd5 8. Bc4 Nb6 9. Bb3 Na5 10. 0-0 Nxb3 11. axb3 Bg4 12. Be3 c6 13. e6 Bxe6 14. Ng5 0-0 15. Nxe6 fxe6 16. Qg4 Qd7 17. Rxf8+ Rxf8 18. Rxa7 Nc8 19. Ra8 Nd6 20. Rxf8+ Bxf8 21. Na4 Nf5 22. Nc5 Nxe3 23. Qe4 Qd5 24. Qxe3 Bh6 25. Qxe6+ Qxe6 26. Nxe6 Be3+ 27. Kf1 b6 28. Ke2 Bc1 29. Kd3 Bxb2 30. Nd8 c5 31. dxc5 bxc5 32. Kc4 Ba3 33. Nb7 Kf7 34. Nxc5 Kf6 35. b4 Kf5 36. b5 Ke5 37. Nd7+ Kd6 38. Nf8 e6 39. Nxh7 Kc7 40. Ng5 1-0

[Event "Canadian op 48th"]
[Site "Toronto"]
[Date "2011.07.10"]
[Round "2"]
[White "Fiedler, Brian"]
[Black "Pedersen, Rick"]
[Result "1/2-1/2"]
[WhiteElo "2123"]
[BlackElo "1985"]
[PlyCount "33"]
[EventDate "2011.07.09"]
[EventType "swiss"]
[EventRounds "9"]
[EventCountry "CAN"]
[SourceTitle "EXT 2022"]
[Source "ChessBase"]
[SourceDate "2021.10.06"]
[SourceVersion "1"]
[SourceVersionDate "2021.10.06"]
[SourceQuality "1"]

1. Nf3 g6 2. d4 Bg7 3. c4 d6 4. Nc3 Nf6 5. e4 0-0 6. Be2 Nc6 7. 0-0 e5 8. d5 Ne7 9. b4 Nh5 10. Re1 f5 11. Ng5 Nf6 12. Bf3 h6 13. Ne6 Bxe6 14. dxe6 c6 15. Bb2 Qc7 16. Qb3 Rad8 17. Rad1 1/2-1/2

[Event "Canadian op 48th"]
[Site "Toronto"]
[Date "2011.07.09"]
[Round "1"]
[White "Pedersen, Rick"]
[Black "Wang, Richard"]
[Result "0-1"]
[WhiteElo "1988"]
[BlackElo "2240"]
[PlyCount "102"]
[EventDate "2011.07.09"]
[EventType "swiss"]
[EventRounds "9"]
[EventCountry "CAN"]
[SourceTitle "CBM 143 Extra"]
[Source "ChessBase"]
[SourceDate "2011.08.29"]
[SourceVersion "1"]
[SourceVersionDate "2011.08.29"]
[SourceQuality "1"]

1. d3 d5 2. g3 Nf6 3. Nf3 Bf5 4. Bg2 e6 5. Nbd2 Be7 6. c4 c6 7. a3 Nbd7 8. 0-0 0-0 9. b3 h6 10. Bb2 Re8 11. Nh4 Bh7 12. d4 Ne4 13. Nxe4 dxe4 14. Bh3 Bxh4 15. gxh4 Qxh4 16. Bg2 Nf6 17. f3 Rad8 18. Qe1 Qxe1 19. Raxe1 exf3 20. Bxf3 Be4 21. e3 Bxf3 22. Rxf3 Ne4 23. Re2 f5 24. h4 g6 25. Rg2 Kf7 26. Kf1 b5 27. cxb5 cxb5 28. Ke1 Rc8 29. Kd1 Red8 30. Rh3 Rh8 31. Rhh2 Rhg8 32. Rc2 Ke7 33. Rhg2 Rxc2 34. Rxc2 Kd6 35. Bc3 Nxc3+ 36. Rxc3 g5 37. hxg5 hxg5 38. Ke2 g4 39. a4 bxa4 40. bxa4 Rb8 41. Rc2 Rb4 42. Ra2 a5 43. Kf2 Kd5 44. Ra3 Kc4 45. Ra1 Kd3 46. Ra3+ Ke4 47. Kg3 Rc4 48. Rb3 Rxa4 49. Rb5 Kxe3 50. d5 exd5 51. Rxd5 Ke4 0-1

[Event "Lloydminster BATB op 4th"]
[Site "Lloydminster"]
[Date "2010.09.06"]
[Round "6.10"]
[White "Pedersen, Rick"]
[Black "Daniluk, Jim"]
[Result "0-1"]
[WhiteElo "1932"]
[BlackElo "2022"]
[PlyCount "70"]
[EventDate "2010.09.04"]
[EventType "swiss"]
[EventRounds "6"]
[EventCountry "CAN"]
[SourceTitle "EXT 2022"]
[Source "ChessBase"]
[SourceDate "2021.10.06"]
[SourceVersion "1"]
[SourceVersionDate "2021.10.06"]
[SourceQuality "1"]

1. e4 c5 2. Nf3 Nc6 3. d4 cxd4 4. Nxd4 Nf6 5. Nc3 e5 6. Ndb5 d6 7. Nd5 Nxd5 8. exd5 Nb8 9. c4 Be7 10. Be2 0-0 11. 0-0 a6 12. Nc3 f5 13. f4 Bf6 14. Qc2 Nd7 15. Be3 g6 16. Rac1 Qe7 17. Rfd1 b6 18. b4 exf4 19. Bxf4 Bxc3 20. Qxc3 Qxe2 21. Bh6 Qe5 22. Bxf8 Qxc3 23. Rxc3 Kxf8 24. Re1 Nf6 25. Rf3 Bd7 26. h3 Rc8 27. Rc1 Nxd5 28. Rd3 Nf4 29. Rd2 Be6 30. g3 Nxh3+ 31. Kg2 Ng5 32. Rxd6 Bxc4 33. Rcd1 Bxa2 34. Rf6+ Kg7 35. Rxb6 Rc2+ 0-1

[Event "Edmonton-ch"]
[Site "Edmonton"]
[Date "2010.01.07"]
[Round "1"]
[White "Stark, Mark"]
[Black "Pedersen, Rick"]
[Result "1-0"]
[WhiteElo "2008"]
[BlackElo "2076"]
[PlyCount "119"]
[EventDate "2010.01.07"]
[EventType "k.o."]
[EventRounds "2"]
[EventCountry "CAN"]
[SourceTitle "EXT 2011"]
[Source "ChessBase"]
[SourceDate "2010.11.26"]
[SourceVersion "1"]
[SourceVersionDate "2010.11.26"]
[SourceQuality "1"]

1. d4 g6 2. Nf3 Bg7 3. Bg5 c5 4. e3 cxd4 5. exd4 Qb6 6. Nc3 h6 7. Bc1 Nc6 8. d5 Nd4 9. Be2 Nxf3+ 10. Bxf3 d6 11. 0-0 Nf6 12. Re1 Nd7 13. Ne4 Ne5 14. Be2 0-0 15. Rb1 f5 16. Be3 Qb4 17. Nd2 f4 18. c3 Qa5 19. Bd4 Bf5 20. b4 Qc7 21. Rc1 b6 22. Nf3 g5 23. h3 Qd7 24. Nh2 Bg6 25. Ng4 Bf5 26. Bxe5 dxe5 27. f3 Rac8 28. Qb3 Qd6 29. Ba6 Rcd8 30. Nf2 Kh8 31. Rcd1 Qg6 32. Bd3 Rc8 33. Bxf5 Qxf5 34. Ne4 Rcd8 35. c4 Qc8 36. Kh1 Bf6 37. Re2 h5 38. Nf2 Rg8 39. Rde1 Qf5 40. Qd3 Qd7 41. Rd1 Rg7 42. c5 bxc5 43. bxc5 Qc8 44. Rc2 Rh7 45. d6 Rd7 46. Qf5 Qc6 47. Ne4 Rf7 48. Nxg5 Rg7 49. Ne4 Rf7 50. Qxh5+ Rh7 51. Qe8+ Kg7 52. Nxf6 Kxf6 53. Qf8+ Kg6 54. Qg8+ Kh6 55. Qe6+ Kg7 56. Qxe5+ Kg8 57. Rcd2 Rxh3+ 58. Kg1 Rxf3 59. gxf3 exd6 60. Qd5+ 1-0

[Event "Battle of Alberta"]
[Site "Red Deer"]
[Date "2009.09.26"]
[Round "1.10"]
[White "Pedersen, Rick"]
[Black "Robichaud, Martin"]
[Result "1/2-1/2"]
[WhiteElo "2103"]
[BlackElo "2170"]
[PlyCount "76"]
[EventDate "2009.09.26"]
[EventType "team"]
[EventRounds "2"]
[EventCountry "CAN"]
[SourceTitle "EXT 2011"]
[Source "ChessBase"]
[SourceDate "2010.11.26"]
[SourceVersion "1"]
[SourceVersionDate "2010.11.26"]
[SourceQuality "1"]

1. e4 e5 2. Nf3 Nc6 3. Bb5 a6 4. Ba4 f5 5. d3 fxe4 6. dxe4 d6 7. Nc3 Nf6 8. h3 b5 9. Bb3 Na5 10. Qe2 Nxb3 11. axb3 Bb7 12. Bg5 Be7 13. Rd1 Qc8 14. 0-0 0-0 15. Nh2 Qe8 16. Bxf6 Bxf6 17. Ng4 Bd8 18. Ne3 Bc8 19. Qd3 Rb8 20. Ne2 h5 21. f4 exf4 22. Nxf4 Bb7 23. Ned5 c6 24. Ne3 Bg5 25. g3 Bxf4 26. gxf4 Qg6+ 27. Kh2 c5 28. Nd5 Rbe8 29. f5 Qh6 30. Rg1 Re5 31. Rg6 Qh7 32. Rdg1 Bxd5 33. f6 Rxf6 34. Rxf6 Qxe4 35. Qxe4 Bxe4 36. c3 Rd5 37. Rf2 Rd3 38. Rg3 Rd1 1/2-1/2

[Event "Edmonton March of Kings op"]
[Site "Edmonton"]
[Date "2009.03.15"]
[Round "5"]
[White "Pedersen, Rick"]
[Black "Moloney, Nicholas"]
[Result "1-0"]
[WhiteElo "2019"]
[BlackElo "2228"]
[PlyCount "111"]
[EventDate "2009.03.14"]
[EventType "swiss"]
[EventRounds "5"]
[EventCountry "CAN"]
[SourceTitle "EXT 2011"]
[Source "ChessBase"]
[SourceDate "2010.11.26"]
[SourceVersion "1"]
[SourceVersionDate "2010.11.26"]
[SourceQuality "1"]

1. d3 d5 2. g3 e5 3. Bg2 c6 4. Nd2 Bd6 5. c3 Nd7 6. e4 Ngf6 7. Ne2 0-0 8. 0-0 a5 9. d4 dxe4 10. dxe5 Nxe5 11. Nxe4 Nxe4 12. Bxe4 Bg4 13. f3 Bh3 14. Rf2 Bc5 15. Nd4 Qf6 16. Qe2 Bxd4 17. cxd4 Ng6 18. Be3 Rfe8 19. Rd1 Be6 20. a3 Bd5 21. Qd2 Qe6 22. Bxd5 Qxd5 23. Kg2 Re6 24. Re1 Rae8 25. Rfe2 Nf8 26. Bf2 a4 27. Rxe6 Rxe6 28. Rxe6 Nxe6 29. Be3 b5 30. Kf2 f5 31. h4 h5 32. Ke2 Kf7 33. Kf2 Qc4 34. Qc3 Qxc3 35. bxc3 Nc7 36. Ke2 Nd5 37. Kd3 Ke6 38. Bc1 Nb6 39. Be3 Kd5 40. Bg5 Ke6 41. Be3 Nc4 42. Bc1 Kd5 43. Ke2 c5 44. dxc5 Kxc5 45. g4 fxg4 46. fxg4 hxg4 47. h5 Kd5 48. Kf2 Ke4 49. Kg3 Kf5 50. Kh4 Nd6 51. Be3 Ke4 52. Bc5 Ne8 53. Kxg4 Ke5 54. Kg5 Ke6 55. Kg6 Nf6 56. Bf8 1-0

[Event "Edmonton Halloween op"]
[Site "Edmonton"]
[Date "2008.10.23"]
[Round "4"]
[White "Wang, Richard"]
[Black "Pedersen, Rick"]
[Result "1-0"]
[WhiteElo "1871"]
[BlackElo "1885"]
[PlyCount "105"]
[EventDate "2008.10.02"]
[EventType "swiss"]
[EventRounds "5"]
[EventCountry "CAN"]
[SourceTitle "EXT 2011"]
[Source "ChessBase"]
[SourceDate "2010.11.26"]
[SourceVersion "1"]
[SourceVersionDate "2010.11.26"]
[SourceQuality "1"]

1. d4 Nf6 2. Nf3 g6 3. Bg5 Bg7 4. c3 d5 5. e3 Bg4 6. Bd3 Nbd7 7. Nbd2 c6 8. h3 Bf5 9. Bxf5 gxf5 10. 0-0 Ne4 11. Bh4 Qc7 12. Nxe4 fxe4 13. Nd2 Nf6 14. c4 e6 15. f3 exf3 16. Qxf3 Ne4 17. Nxe4 dxe4 18. Qxe4 0-0 19. Bf6 Kh8 20. Bxg7+ Kxg7 21. Qf4 Qe7 22. Rf3 f6 23. Raf1 Rf7 24. c5 Rd8 25. Qg4+ Kh8 26. Qh4 Rdf8 27. Qf4 Kg7 28. g4 e5 29. Qe4 exd4 30. Qxe7 Rxe7 31. exd4 h6 32. b4 Re4 33. Rf4 Re2 34. R1f2 Rxf2 35. Kxf2 a5 36. Re4 axb4 37. Re7+ Rf7 38. Rxf7+ Kxf7 39. Ke3 Kg6 40. Kd3 Kg5 41. Kc4 Kh4 42. Kxb4 Kxh3 43. a4 Kxg4 44. a5 h5 45. a6 bxa6 46. d5 h4 47. dxc6 h3 48. c7 h2 49. c8Q+ f5 50. Qa8 Kg3 51. Qh1 f4 52. c6 f3 53. c7 1-0

[Event "Edmonton Summer op"]
[Site "Edmonton"]
[Date "2008.06.19"]
[Round "3"]
[White "Stark, Mark"]
[Black "Pedersen, Rick"]
[Result "1/2-1/2"]
[WhiteElo "1959"]
[BlackElo "1880"]
[PlyCount "104"]
[EventDate "2008.05.06"]
[EventType "swiss"]
[EventRounds "4"]
[EventCountry "CAN"]
[SourceTitle "EXT 2011"]
[Source "ChessBase"]
[SourceDate "2010.11.26"]
[SourceVersion "1"]
[SourceVersionDate "2010.11.26"]
[SourceQuality "1"]

1. d4 g6 2. c4 Bg7 3. Nc3 Nf6 4. e4 d6 5. Nf3 0-0 6. Be2 e5 7. 0-0 Nc6 8. d5 Ne7 9. b4 a5 10. bxa5 Nd7 11. a4 f5 12. Ng5 Nc5 13. Ba3 h6 14. Bxc5 hxg5 15. Bb4 Kf7 16. f3 Rh8 17. Nb5 Ng8 18. c5 Bf8 19. cxd6 Bxd6 20. Qb3 Nf6 21. Rac1 Ne8 22. Rc3 Kf8 23. Rfc1 Rh7 24. Qa3 g4 25. Nxd6 cxd6 26. fxg4 fxg4 27. g3 Kg8 28. Bb5 Nf6 29. Re3 Bd7 30. Bxd6 Bxb5 31. axb5 Rxa5 32. Rc8 Qxc8 33. Qxa5 b6 34. Qc3 Qe8 35. Bxe5 Nd7 36. Bd4 Qf8 37. Re2 Rf7 38. Rf2 Rxf2 39. Bxf2 Qe7 40. Qc4 Ne5 41. Qc8+ Kh7 42. Bxb6 Nf3+ 43. Kg2 Qxe4 44. Qc7+ Kg8 45. Qd8+ Kg7 46. Qc7+ Kg8 47. Qd8+ Kg7 48. Qc7+ Kh8 49. Qf4 Qe2+ 50. Bf2 Ne1+ 51. Kg1 Nf3+ 52. Kg2 Ne1+ 1/2-1/2

[Event "Edmonton Summer op"]
[Site "Edmonton"]
[Date "2008.06.12"]
[Round "2"]
[White "Reuter, Gerhard"]
[Black "Pedersen, Rick"]
[Result "0-1"]
[WhiteElo "1683"]
[BlackElo "1880"]
[PlyCount "64"]
[EventDate "2008.05.06"]
[EventType "swiss"]
[EventRounds "4"]
[EventCountry "CAN"]
[SourceTitle "EXT 2011"]
[Source "ChessBase"]
[SourceDate "2010.11.26"]
[SourceVersion "1"]
[SourceVersionDate "2010.11.26"]
[SourceQuality "1"]

1. e4 d6 2. Nf3 Nf6 3. Nc3 g6 4. d4 Bg7 5. Bc4 0-0 6. 0-0 Nxe4 7. Nxe4 d5 8. Bd3 dxe4 9. Bxe4 Nd7 10. c3 Nf6 11. Bd3 Bg4 12. h3 Bf5 13. Bf4 c6 14. Re1 Bxd3 15. Qxd3 e6 16. Rad1 Qd5 17. b3 Qf5 18. Qd2 Ne4 19. Nh4 Nxd2 20. Nxf5 Nf3+ 21. gxf3 gxf5 22. Re2 Rad8 23. Rde1 Rd7 24. b4 Re8 25. a4 Kf8 26. Kg2 Bf6 27. Be5 Ke7 28. f4 Rg8+ 29. Kf3 Bh4 30. c4 f6 31. Bxf6+ Bxf6 32. Rxe6+ Kf7 0-1